| 000 | 01560nam a2200265Ia 4500 | ||
|---|---|---|---|
| 001 | 22999 | ||
| 003 | GE_BSU | ||
| 008 | 181216s||||||||xx |||||||||||||| ||und|| | ||
| 040 | _cGE_BSU | ||
| 080 | _a631.95(075.8) | ||
| 100 | _aმელაძე, მაია | ||
| 245 | _aაგროეკოლოგიის ძირითადი საფუძვლები | ||
| 245 | _cრედ. ლია მაჭავარიანი | ||
| 250 | _aივანე ჯავახიშვილის სახ. თბილ. სახელმწ. უნ-ტი, ზუსტ და საბუნებისმეტყველო მეცნ. ფაკ-თან არსებ. გამოყენებითი ეკოლოგიის ინტერდისციპლინ. სამეცნ.-კვლევ. ინ-ტი (გეკო), საქ. ტექნ. უნ-ტი, აგრარ. მეცნ. და ბიოსისტემების ინჟინერინგის ფაკ-ტი. | ||
| 260 | _aთბილისი | ||
| 260 | _bუნივერსალი | ||
| 260 | _c2015 | ||
| 300 | _a240 გვ. : სურ., ნახ. ; 20 სმ. | ||
| 300 | _eბიბლიოგრ.: გვ. 237-239. | ||
| 541 | _h7ლ.95 თ. | ||
| 653 | _aაგროეკოლოგიის ძირითადი საფუძვლები | ||
| 653 | _aსასოფლო–სამეურნეო ეკოლოგია | ||
| 653 | _aქსეროქსი | ||
| 942 | _cBK | ||
| 999 |
_c55901 _d55901 |
||